000 00595nam a2200181Ia 4500
005 20250508153211.0
008 008 250505s9999 xx 000 0 eng d
037 _aTextual
040 _aFEDL
_beng
_cFEDL
041 _aeng
_2eng
084 _a373.097 3, WAl
_qFEDL
100 _aWales John N
_9149166
245 0 _aSchools of democracy : An Englishman's impressions of secondary education in the American middle-West
260 _aMichigan
_bMichigan State University Press
_c1962
300 _axviii,161p
942 _cTEXL
_h373.097 3, WAl
999 _c1341203
_d1341203